Countries Sharing More than 3 First Letters - Statistics

General Stats
  • This quiz has been taken 466 times
  • The average score is 17 of 25
Answer Stats
Countries % Correct
United Kingdom
91%
United States
91%
South Africa
89%
South Korea
89%
South Sudan
88%
United Arab Emirates
88%
Australia
80%
Austria
80%
Guinea
72%
Dominica
71%
Dominican Republic
71%
Guinea-Bissau
71%
Niger
71%
Nigeria
71%
Saint Kitts and Nevis
70%
Saint Lucia
70%
Saint Vincent and the Grenadines
70%
Turkey
58%
Turkmenistan
57%
Mauritania
54%
Mauritius
54%
Slovakia
51%
Slovenia
51%
Malaysia
46%
Malawi
42%
No matching quizzes found
Score Distribution
Percent of People with Each Score
Percentile by Number Answered
Your Score History
You have not taken this quiz